| 000 | 00750nam a2200229 a 4500 | ||
|---|---|---|---|
| 001 | 71799 | ||
| 003 | BD-RjUL | ||
| 005 | 20211209082149.0 | ||
| 008 | 170508r19611953nyua b 001 0 eng | ||
| 035 | _a(BD-RjUL)72015 | ||
| 040 |
_aDLC _cWVH _dBD-RjUL _beng |
||
| 041 | _aeng | ||
| 082 |
_223 _a534 _bRIS 1961 |
||
| 100 | 1 |
_aRichardson, E. G. _q(Edward Gick), _d1896-1960. _9155865 |
|
| 245 | 1 | 0 |
_aSound : _ba physical text-book / _cby E.G. Richardson ... |
| 260 |
_aNew York : _bLongmans, Green & Co. ; _aLondon : _bE. Arnold & Co., _c1953, [reprinted 1961] |
||
| 300 |
_avii, 286 p. : _bill. ; _c22 cm. |
||
| 500 | _aPrinted in Great Britain. | ||
| 504 | _aIncludes bibliographical footnotes and index. | ||
| 650 | 0 |
_aSound. _9212404 |
|
| 942 |
_2ddc _cBK |
||
| 999 |
_c71799 _d71799 |
||